Countries with a Higher Female Population - Statistics

General Stats
  • This quiz has been taken 61 times
  • The average score is 7 of 15
Answer Stats
Male to Female Ratio Answer % Correct
0.86 Russia
93%
0.86 Latvia
78%
0.85 Ukraine
78%
0.84 Estonia
72%
0.89 Lithuania
72%
0.87 Belarus
70%
0.91 Moldova
50%
0.91 Georgia
43%
0.89 Armenia
41%
0.91 Hungary
39%
0.74 Northern Mariana Islands
7%
0.9 United States Virgin Islands
7%
0.9 Antigua and Barbuda
4%
0.86 Djibouti
4%
0.9 Arube
0%
No matching quizzes found
Score Distribution
Percent of People with Each Score
Percentile by Number Answered
Your Score History
You have not taken this quiz